00369nam a22001457a 450000500170000000800410001702200130005804100130007108200120008410000130009624500280010926000350013730000260017265000250019820240403071316.0240403b |||||||| |||| 00| 0 eng d a0258249X aEnglish  a349 IND lEnglish  aIndustrial Law Journal  aCape Town : bJuta Law, c2001 b314 pages ; c25 cm.  aLegal practice bLaw